000 00545nam a2200181Ia 4500
999 _c22571
_d22571
003 OSt
005 20200323135251.0
008 190216s9999||||xx |||||||||||||| ||und||
020 _a8174350640
040 _coclc
082 _a297.63
_bSAR/O
100 _aSarwar, Hafiz Ghulam
_92135
245 0 _aOrigin And Development Of Islam /
_cHafiz Ghulam Sarwar
260 _bAdam Publishers&Distributors,
_c1996.
_aNew Delhi:
300 _a487p
650 _aIslamic History
942 _cBK
_2ddc
_h297.63
_iSAR/O
_k297.63
_mSAR/O